Wiley encyclopedia of electrical and electronics engineering. V.8 : Fr-Hi.

Zapisane w:
Opis bibliograficzny
Format: Książka
Język:English
Wydane: New York : John Wiley and Sons, 1999.
Hasła przedmiotowe:
Etykiety: Dodaj etykietę
Nie ma etykietki, Dołącz pierwszą etykiete!
Thư viện lưu trữ: Mạng thư viện Đại học Đà Nẵng
LEADER 00899cam a2200337 i 4500
001 000046477
003 5948
005 20030317103307.0
008 010220|1999 vm 000 eng
020 |a 0471139483 
040 |a IRC  |c IRC  |d IRC 
041 0 |a eng 
082 1 4 |a 621.303  |b Wi-E 
245 0 0 |a Wiley encyclopedia of electrical and electronics engineering.  |n V.8 :  |p Fr-Hi. 
260 |a New York :  |b John Wiley and Sons,  |c 1999. 
300 |a 24v.; vol.8: 762p. :  |b ill. 
630 0 4 |a Electronics. 
630 0 4 |a Encyclopedias. 
630 0 4 |a Electric. 
650 0 4 |a Electric engineering  |v Encyclopedias. 
650 0 4 |a Electronics  |v Encyclopedias. 
OWN |a DUT 
999 |a From the UDN01 
TYP |a Monograph 
TYP |a Printed language 
980 |a Mạng thư viện Đại học Đà Nẵng